| 000 | 01141nam0a22002651 4500 | ||
|---|---|---|---|
| 001 | rc\2353942 | ||
| 005 | 20260408074656.0 | ||
| 035 | _a(NLR Aleph) 006592364 | ||
| 090 |
_a7159917 _c7159917 |
||
| 100 | _a20110829d1977 |||y0rusy50 ca | ||
| 101 | 0 | _arus | |
| 102 | _aRU | ||
| 105 | _ay z ||||| | ||
| 200 | 1 |
_aТехнико-экономические показатели работы промышленности керамических и вяжущих материалов Главмоспромстройматериалов за 1972-1976 гг. _f... Техн. упр. КТБ Мосоргстройматериалы |
|
| 210 |
_aМосква _cБ. и. _d1977 |
||
| 215 |
_a52 с. _d21 |
||
| 333 | _aДСП. Экз. № 7 | ||
| 710 | 0 | 2 |
_aМосковское главное управление промышленности строительных материалов и строительных деталей _3RU\NLR\AUTH\8810066067 _9633759 |
| 801 | 0 |
_aRU _bNLR _gpsbo |
|
| 801 | 1 |
_aRU _bELAR _2rusmarc |
|
| 852 |
_aNLR _j78-50К/918 |
||
| 899 |
_aRuMoRGB _jДСП/ |
||
| 899 |
_aRuMoRGB _j23 78/330 |
||
| 942 | _cBOOK | ||
| 980 | _aNB | ||